[Event "DVM U14w 2012"]
[Site "Magdeburg GER"]
[Date "2012.12.30"]
[Round "7"]
[White "Sewald, Kathrin"]
[Black "Arnhold, Steffi"]
[Result "1/2-1/2"]
[Termination "normal"]
[Board "7.2"]
[WhiteElo "1335"]
[BlackElo "1392"]
[WhiteTeam "SG Porz"]
[BlackTeam "SV 1919 Grimma"]
[WhiteFideId "12964557"]
[BlackFideId "12931365"]
[EventCountry "GER"]
[EventRounds "7"]
[EventType "team-swiss"]
[EventDate "2012.12.26"]

1. e4 c5 2. Nc3 d6 3. h3 Nc6 4. Nf3 Nf6 5. Bc4 e6 6. d3 Be7 7. O-O a6 8. Bf4
O-O 9. d4 b5 10. Be2 cxd4 11. Nxd4 Nxd4 12. Qxd4 e5 13. Bxe5 dxe5 14. Qxe5 Bb7
15. Rad1 Qe8 16. Bf3 Bb4 17. Qxe8 Rfxe8 18. Nd5 Nxd5 19. exd5 g6 20. b3 Rac8
21. Rd4 Bd6 22. c4 Re7 23. Rc1 bxc4 24. bxc4 a5 25. g4 Ba6 26. Kf1 Rb7 27. Rc2
Rb1+ 28. Kg2 Rb4 29. Be2 Kg7 30. Bd3 Bb7 31. f4 Rc5 32. f5 Be5 33. Re4 Bxd5 34.
cxd5 Rxd5 35. fxg6 hxg6 36. Rxb4 1/2-1/2

[Event "DVM U14w 2012"]
[Site "Magdeburg GER"]
[Date "2012.12.30"]
[Round "7"]
[White "Könze, Heike"]
[Black "Müller, Jennifer"]
[Result "1-0"]
[Termination "normal"]
[Board "7.3"]
[WhiteElo "1225"]
[BlackElo "940"]
[WhiteTeam "SV 1919 Grimma"]
[BlackTeam "SG Porz"]
[WhiteFideId "12964476"]
[EventCountry "GER"]
[EventRounds "7"]
[EventType "team-swiss"]
[EventDate "2012.12.26"]

1. e4 e5 2. Nf3 Nc6 3. d4 f6 4. d5 Nb8 5. Nc3 Bc5 6. Be2 d6 7. O-O Ne7 8. Bd2
c6 9. Bc4 Bg4 10. Be3 Bb6 11. Re1 Ba5 12. Bd2 Ng6 13. h3 Bxf3 14. Qxf3 Ne7 15.
Rad1 Bb6 16. Qg4 g6 17. Qe6 Rf8 18. Bh6 Rg8 19. dxc6 Nbxc6 20. Rxd6 Qc7 21.
Qf7# 1-0

[Event "DVM U14w 2012"]
[Site "Magdeburg GER"]
[Date "2012.12.30"]
[Round "7"]
[White "Maier, Nicole"]
[Black "Hagenbeck-Hübert, Lara"]
[Result "0-1"]
[Termination "normal"]
[Board "7.4"]
[WhiteElo "930"]
[BlackElo "1261"]
[WhiteTeam "SG Porz"]
[BlackTeam "SV 1919 Grimma"]
[WhiteFideId "12964573"]
[BlackFideId "12964484"]
[EventCountry "GER"]
[EventRounds "7"]
[EventType "team-swiss"]
[EventDate "2012.12.26"]

1. e4 e5 2. Nf3 Nc6 3. Bc4 Bc5 4. d3 Nf6 5. Be3 Bb6 6. Nc3 d6 7. h3 Be6 8. Bb3
h6 9. O-O Qd7 10. Nd5 Bxd5 11. Bxd5 O-O-O 12. Bxb6 axb6 13. c3 Ne7 14. Bb3 c6
15. Bxf7 g5 16. Qb3 Kc7 17. Be6 Qe8 18. Rfd1 Qg6 19. Bf7 Qg7 20. Qe6 Rd7 21. d4
Nxe4 22. dxe5 Nd5 23. Bg6 Nf4 24. exd6+ Nxd6 25. Qe5 Nxg6 26. Qxg7 Rxg7 27. Re1
Re8 28. Red1 Re2 29. b4 Ne4 30. Rf1 Nxc3 31. a3 c5 32. Rfe1 Nf4 33. Rec1 Ne4
34. Rc4 b5 35. Rcc1 Rxf2 36. Ne1 Ne2+ 37. Kh2 Nxc1 38. Rxc1 Rf1 39. g3 Rgf7 40.
bxc5 R7f2+ 0-1

[Event "DVM U14w 2012"]
[Site "Magdeburg GER"]
[Date "2012.12.30"]
[Round "7"]
[White "Schnepper, Pauline"]
[Black "Mao, Yvonne"]
[Result "1-0"]
[Termination "normal"]
[Board "8.1"]
[WhiteElo "1580"]
[BlackElo "1180"]
[WhiteTeam "SK 1929 Mainaschaff"]
[BlackTeam "SK 1980 Gernsheim"]
[WhiteFideId "12918040"]
[BlackFideId "12942561"]
[EventCountry "GER"]
[EventRounds "7"]
[EventType "team-swiss"]
[EventDate "2012.12.26"]

1. e4 e5 2. Nf3 Nc6 3. d4 exd4 4. Nxd4 Nf6 5. Nxc6 bxc6 6. e5 Qe7 7. Qe2 Nd5 8.
c4 Ba6 9. b3 O-O-O 10. Qe4 Nf6 11. Qe2 Nd5 12. Nd2 Qg5 13. Nf3 Bb4+ 14. Bd2
Bxd2+ 15. Qxd2 Qxd2+ 16. Kxd2 Nf4 17. g3 Ne6 18. Bg2 d5 19. cxd5 cxd5 20. Rac1
Kb7 21. Rhd1 Rhe8 22. Kc3 Kb6 23. Rd2 Re7 24. Rcd1 Kb7 25. Re1 Rde8 26. Rde2
d4+ 27. Nxd4+ {nicht nachvollziehbar} 1-0

[Event "DVM U14w 2012"]
[Site "Magdeburg GER"]
[Date "2012.12.30"]
[Round "7"]
[White "Le, Kim Anh"]
[Black "Schwind, Clara"]
[Result "1/2-1/2"]
[Termination "normal"]
[Board "8.2"]
[WhiteElo "982"]
[BlackElo "1375"]
[WhiteTeam "SK 1980 Gernsheim"]
[BlackTeam "SK 1929 Mainaschaff"]
[WhiteFideId "12947342"]
[BlackFideId "12964581"]
[EventCountry "GER"]
[EventRounds "7"]
[EventType "team-swiss"]
[EventDate "2012.12.26"]

1. e4 c5 2. Nf3 Nc6 3. d4 cxd4 4. Nxd4 g6 5. Nc3 Bg7 6. Nf3 Nf6 7. Bc4 O-O 8.
O-O d6 9. h3 Bd7 10. Be3 Qc8 11. Qe2 Be6 12. Bxe6 Qxe6 13. Bd2 Ne5 14. b3 Nxf3+
15. Qxf3 Nd7 16. Rae1 Ne5 17. Qg3 Nc6 18. Nd5 Qd7 19. Bc3 Nd4 20. Qd3 e5 21. f4
Qb5 22. fxe5 Qxd3 23. cxd3 Bxe5 24. Ba1 Nc2 25. Ne7+ Kg7 26. Bxe5+ dxe5 27. Rc1
Nb4 28. Rc7 b6 1/2-1/2

[Event "DVM U14w 2012"]
[Site "Magdeburg GER"]
[Date "2012.12.30"]
[Round "7"]
[White "Pfeufer, Helena"]
[Black "Nguyen, Julia"]
[Result "1-0"]
[Termination "normal"]
[Board "8.3"]
[WhiteElo "1012"]
[BlackElo "1012"]
[WhiteTeam "SK 1929 Mainaschaff"]
[BlackTeam "SK 1980 Gernsheim"]
[WhiteFideId "12964590"]
[BlackFideId "12964689"]
[EventCountry "GER"]
[EventRounds "7"]
[EventType "team-swiss"]
[EventDate "2012.12.26"]

1. e4 e5 2. Nf3 Nc6 3. Bc4 Nf6 4. d3 d6 5. h3 Be7 6. O-O O-O 7. Re1 Na5 8. Nbd2
Nxc4 9. Nxc4 Be6 10. b3 Bxc4 11. bxc4 Qd7 12. d4 Qe6 13. d5 Qd7 14. Nd2 c6 15.
f3 Rfe8 16. Nb3 b5 17. Na5 bxc4 18. Nxc6 Rec8 19. Nxe7+ Qxe7 20. Bg5 h6 21. Bh4
Rab8 22. Qd2 Qd7 23. Bxf6 gxf6 24. Qxh6 f5 25. Qg5+ Kf8 26. exf5 Rc5 27. f6 Qb7
28. Qg7+ Ke8 29. Qg8+ Kd7 30. Qxf7+ Kc8 31. Qe8+ Kc7 32. Qe7+ Kb6 33. Qxd6+ Kb5
34. Rab1+ Ka4 35. Rxb7 Rxb7 36. Qxc5 Rb5 37. Qxc4+ Ka5 38. f7 Rb8 39. Qc7+ Ka4
40. Re4+ Rb4 41. Qxa7+ Kb5 42. Qb7+ Ka5 43. Rxb4 e4 44. Qb5# 1-0

[Event "DVM U14w 2012"]
[Site "Magdeburg GER"]
[Date "2012.12.30"]
[Round "7"]
[White "Le, Mai Linh Lisa"]
[Black "Damrich, Alina"]
[Result "0-1"]
[Termination "normal"]
[Board "8.4"]
[WhiteElo "871"]
[BlackElo "949"]
[WhiteTeam "SK 1980 Gernsheim"]
[BlackTeam "SK 1929 Mainaschaff"]
[WhiteFideId "12964697"]
[BlackFideId "12964603"]
[EventCountry "GER"]
[EventRounds "7"]
[EventType "team-swiss"]
[EventDate "2012.12.26"]

1. e4 e5 2. Nf3 Nc6 3. Nc3 Nf6 4. a3 Bc5 5. Nxe5 Nxe5 6. d4 Bd6 7. f4 Nc6 8. e5
Be7 9. exf6 Bxf6 10. Be3 d5 11. Bb5 Bd7 12. Nxd5 a6 13. Bc4 O-O 14. O-O Re8 15.
Qd3 Be6 16. Nxf6+ Qxf6 17. d5 Bf5 18. Qd2 Na7 19. Bd4 Qg6 20. Qc3 Be4 21. Rf2
c6 22. dxc6 bxc6 23. Be3 Nb5 24. Qb3 Rab8 25. Bxb5 axb5 26. c4 bxc4 27. Qxc4
Bd5 28. Qc3 Rb3 29. Qd2 Rbxe3 30. Raf1 Qd3 31. Qxd3 Rxd3 32. f5 f6 33. a4 Bc4
34. Ra1 Rde3 35. h4 Re1+ 36. Rxe1 Rxe1+ 37. Kh2 Ra1 38. Rf4 Bd5 39. g4 Ra2 40.
Kg3 Rxb2 41. g5 Rg2+ 42. Kh3 fxg5 43. hxg5 Rxg5 44. a5 c5 45. Kh4 Rg2 46. Ra4
Ra2 47. Rxa2 Bxa2 48. Kg3 Bd5 49. Kf2 c4 50. Ke2 h5 51. Kd2 h4 52. Kc3 h3 53.
Kd4 Ba8 54. Kxc4 h2 55. a6 h1=Q 56. Kb5 Qc6+ 57. Ka5 Qc5+ 58. Ka4 Qb6 59. f6
Qxa6+ 60. Kb3 Qxf6 61. Kc4 Qd6 62. Kc3 Be4 63. Kb3 Qc5 64. Ka2 Qb4 65. Ka1 Qb1#
0-1

[Event "DVM U14w 2012"]
[Site "Magdeburg GER"]
[Date "2012.12.30"]
[Round "7"]
[White "Schumann, Rabea"]
[Black "Kolchugina, Lada"]
[Result "0-1"]
[Termination "normal"]
[Board "9.1"]
[WhiteElo "1383"]
[BlackElo "1162"]
[WhiteTeam "SG Güstrow/Teterow"]
[BlackTeam "SK Langen"]
[WhiteFideId "12918199"]
[BlackFideId "12929743"]
[EventCountry "GER"]
[EventRounds "7"]
[EventType "team-swiss"]
[EventDate "2012.12.26"]

1. c4 e5 2. g3 Nf6 3. Bg2 Nc6 4. Nc3 Bb4 5. e3 Bxc3 6. bxc3 O-O 7. Ne2 Re8 8.
d4 d6 9. O-O Be6 10. d5 Qd7 11. dxe6 Qxe6 12. Bxc6 bxc6 13. Qa4 c5 14. Kg2 e4
15. Nf4 Qd7 16. Qxd7 Nxd7 17. Nd5 Rac8 18. f3 c6 19. Nf4 Nf6 20. Bd2 Rb8 21.
Rab1 h6 22. Rb3 a5 23. Rfb1 Rxb3 24. Rxb3 g5 25. Nh3 exf3+ 26. Kf2 g4 27. Nf4
Ne4+ 28. Ke1 f2+ 29. Ke2 f1=Q+ 30. Kxf1 Nxd2+ 31. Ke2 Nxb3 32. axb3 Rb8 33. Kd2
Rxb3 34. Kc2 Rb8 35. Nd3 a4 36. Nc1 f5 37. Na2 a3 38. Nc1 Rb2+ 39. Kd1 a2 40.
Nxa2 Rxa2 0-1

[Event "DVM U14w 2012"]
[Site "Magdeburg GER"]
[Date "2012.12.30"]
[Round "7"]
[White "Flach, Helene"]
[Black "Zoll, Cindy"]
[Result "1-0"]
[Termination "normal"]
[Board "9.2"]
[WhiteElo "1096"]
[BlackElo "1058"]
[WhiteTeam "SK Langen"]
[BlackTeam "SG Güstrow/Teterow"]
[WhiteFideId "12929735"]
[BlackFideId "12964638"]
[EventCountry "GER"]
[EventRounds "7"]
[EventType "team-swiss"]
[EventDate "2012.12.26"]

1. e4 e5 2. Nf3 Nc6 3. Bc4 Bc5 4. Nc3 Nf6 5. d3 h6 6. Be3 Bxe3 7. fxe3 d6 8. h3
O-O 9. Qe2 a6 10. g4 b5 11. Bb3 b4 12. Nd5 Nxd5 13. Bxd5 Bd7 14. Rg1 Rb8 15. g5
Ne7 16. gxh6 Nxd5 17. Rxg7+ Kh8 18. exd5 Bxh3 19. O-O-O Qf6 20. Ng5 Qf5 21.
Nxh3 Qxh3 22. Rf1 Qxh6 23. Rgxf7 Rxf7 24. Rxf7 Rc8 25. Rf5 Qg6 26. Qf2 Kg7 27.
Rf3 Qh5 28. Qg2+ Kh7 29. Rh3 1-0

[Event "DVM U14w 2012"]
[Site "Magdeburg GER"]
[Date "2012.12.30"]
[Round "7"]
[White "Jörs, Pia-Milena"]
[Black "Lehnert, Anna-Victoria"]
[Result "1-0"]
[Termination "normal"]
[Board "9.3"]
[WhiteElo "1132"]
[BlackElo "791"]
[WhiteTeam "SG Güstrow/Teterow"]
[BlackTeam "SK Langen"]
[WhiteFideId "12964646"]
[BlackFideId "12957062"]
[EventCountry "GER"]
[EventRounds "7"]
[EventType "team-swiss"]
[EventDate "2012.12.26"]

1. e4 e5 2. Nf3 Nf6 3. Nxe5 d6 4. Nf3 Nxe4 5. d4 d5 6. Bd3 Nf6 7. h3 Bd6 8. O-O
h6 9. Re1+ Be7 10. Nc3 O-O 11. Bf4 Be6 12. Qd2 Nc6 13. Bb5 Bd6 14. Ne5 Qe8 15.
Qe3 Kh8 16. Bxh6 Rg8 17. Nxc6 bxc6 18. Bd3 g6 19. Qg5 Nh7 20. Qd2 Bf8 21. Bf4
Bd6 22. Be5+ f6 23. Bxd6 cxd6 24. Qh6 f5 25. Re2 Qf7 26. Rae1 Rae8 27. Qf4 Qe7
28. Rxe6 Qg5 29. Qxg5 Nxg5 30. Rxe8 Kg7 31. Rxg8+ Kxg8 32. Re8+ Kf7 33. Ra8 Ne6
34. Rxa7+ Kf6 35. a4 Nxd4 36. a5 Nxc2 37. Bxc2 1-0

[Event "DVM U14w 2012"]
[Site "Magdeburg GER"]
[Date "2012.12.30"]
[Round "7"]
[White "Hietala, Netta"]
[Black "Eulitz, Charlotte"]
[Result "0-1"]
[Termination "normal"]
[Board "9.4"]
[WhiteElo "766"]
[BlackElo "958"]
[WhiteTeam "SK Langen"]
[BlackTeam "SG Güstrow/Teterow"]
[WhiteFideId "12964743"]
[BlackFideId "12964654"]
[EventCountry "GER"]
[EventRounds "7"]
[EventType "team-swiss"]
[EventDate "2012.12.26"]

1. e4 e5 2. Nf3 Nc6 3. Nc3 Nf6 4. Bb5 a6 5. Bxc6 bxc6 6. Nxe5 Bb4 7. d3 d6 8.
Nxc6 Bxc3+ 9. bxc3 Qd7 10. Nd4 Rb8 11. Ba3 d5 12. Qe2 dxe4 13. dxe4 Qg4 14.
Qxg4 Nxg4 15. f3 Ne3 16. Kf2 Nc4 17. Bc1 Be6 18. Nxe6 fxe6 19. Rd1 O-O 20. Rd4
Ne5 21. f4 Ng6 22. g3 e5 23. Rb4 Rbd8 24. f5 Ne7 25. Bg5 Rd7 26. Bxe7 Rxe7 27.
Rab1 Rd7 28. Re1 g6 29. f6 Rxf6+ 30. Ke3 Rdf7 31. Rb8+ Kg7 32. Re2 Rf3+ 33. Kd2
Rd7+ 34. Kc1 Rxc3 35. Rb3 Rc4 36. Rd3 Rxd3 0-1

[Event "DVM U14w 2012"]
[Site "Magdeburg GER"]
[Date "2012.12.30"]
[Round "7"]
[White "G., Diana"]
[Black "Semenova, Alisa"]
[Result "0-1"]
[Termination "normal"]
[Board "10.1"]
[WhiteElo "1151"]
[BlackElo "1579"]
[WhiteTeam "Hamburger SK von 1830"]
[BlackTeam "SK Neumarkt"]
[WhiteFideId "12964700"]
[BlackFideId "1272132"]
[EventCountry "GER"]
[EventRounds "7"]
[EventType "team-swiss"]
[EventDate "2012.12.26"]

1. e4 c5 2. Nf3 Nc6 3. d4 cxd4 4. Nxd4 g6 5. Nc3 Bg7 6. Be3 Nf6 7. Qd2 Ng4 8.
O-O-O Nxe3 9. Nxc6 bxc6 10. Qxe3 a5 11. h4 h5 12. Be2 Bh6 13. f4 Rb8 14. g4 Qb6
15. Qxb6 Bxf4+ 16. Kb1 Rxb6 17. gxh5 gxh5 18. Bc4 Be5 19. Kc1 e6 20. Rd3 Rb4
21. Bb3 Bxc3 22. Rxc3 Rxe4 23. Rc5 a4 24. Rc4 Rxc4 25. Bxc4 d5 26. Bd3 e5 27.
Re1 f6 28. Kd2 e4 29. Kc3 Kd8 30. Be2 c5 31. a3 f5 32. Rd1 d4+ 33. Kc4 Ba6+ 34.
Kxc5 Bxe2 35. Rxd4+ Ke7 36. Rxa4 Rc8+ 37. Kd5 Rxc2 38. Ke5 Bb5 39. Ra7+ Kd8 40.
Kxf5 e3 41. Kf6 e2 42. Re7 Rc1 43. a4 Bd3 44. b4 e1=Q 45. Rxe1 Rxe1 46. b5 Ra1
47. b6 Rxa4 48. Kg5 Be2 49. b7 Rb4 0-1

[Event "DVM U14w 2012"]
[Site "Magdeburg GER"]
[Date "2012.12.30"]
[Round "7"]
[White "Schilay, Eva"]
[Black "Reich, Kristina"]
[Result "1/2-1/2"]
[Termination "normal"]
[Board "10.2"]
[WhiteElo "1124"]
[BlackElo "955"]
[WhiteTeam "SK Neumarkt"]
[BlackTeam "Hamburger SK von 1830"]
[WhiteFideId "12930164"]
[BlackFideId "12964719"]
[EventCountry "GER"]
[EventRounds "7"]
[EventType "team-swiss"]
[EventDate "2012.12.26"]

1. e4 e5 2. Bc4 Nf6 3. Nc3 Nc6 4. d3 h6 5. Be3 d6 6. h3 Be7 7. Nge2 O-O 8. O-O
Be6 9. Bb3 d5 10. exd5 Nxd5 11. Nxd5 Bxd5 12. Bxd5 Qxd5 13. Nc3 Qd6 14. Nb5 Qd7
15. Re1 a6 16. Nc3 Nd4 17. Ne2 Nb5 18. Ng3 c6 19. Ne4 Bd8 20. Bc5 Re8 21. c3 b6
22. Be3 Nd6 23. Rc1 Nxe4 24. dxe4 Qe6 25. Qb3 Qxb3 26. axb3 Rb8 27. Rcd1 a5 28.
Rd6 c5 29. Red1 Ra8 30. Ra1 Bc7 31. Rd7 Bd8 32. b4 Be7 33. bxa5 bxa5 34. Rd5
Rec8 35. Rxe5 Bd6 36. Rd5 Be7 37. Rd7 Kf8 38. Rb7 a4 39. Bf4 f6 40. Rc7 Rxc7
41. Bxc7 Ra7 42. Bf4 1/2-1/2

[Event "DVM U14w 2012"]
[Site "Magdeburg GER"]
[Date "2012.12.30"]
[Round "7"]
[White "Rudenko, Katharina"]
[Black "Schilay, Maria"]
[Result "0-1"]
[Termination "normal"]
[Board "10.3"]
[WhiteElo "867"]
[BlackElo "1115"]
[WhiteTeam "Hamburger SK von 1830"]
[BlackTeam "SK Neumarkt"]
[BlackFideId "12942979"]
[EventCountry "GER"]
[EventRounds "7"]
[EventType "team-swiss"]
[EventDate "2012.12.26"]

1. c4 e5 2. Nc3 Nc6 3. g3 Nf6 4. Bg2 Bc5 5. e3 d6 6. Nge2 Be6 7. d3 Qd7 8. a3
Bb6 9. b4 a6 10. Bb2 O-O 11. d4 Bxc4 12. dxe5 dxe5 13. Qxd7 Nxd7 14. Nd5 Rad8
15. Nec3 Rfe8 16. Ne4 Bxd5 17. O-O f5 18. Nc3 Bxg2 19. Kxg2 Nf6 20. Rfe1 Rd6
21. h3 Red8 22. f4 Rd2+ 23. Re2 Bxe3 24. Kf3 R8d3 25. Rae1 Nd4+ 26. Kg2 Nxe2
27. Rxe2 Rxe2+ 28. Nxe2 Rd2 29. Kf3 Rxb2 30. Kxe3 Rb3+ 31. Kf2 Rxa3 32. fxe5
Nd5 33. Nd4 Nxb4 34. Nxf5 Nd3+ 35. Ke2 Nxe5 36. h4 c5 37. Kf2 c4 38. Nd4 b5 39.
Kg2 Ra2+ 40. Kh3 c3 41. Nb3 b4 42. g4 a5 43. h5 Nd3 44. Kg3 c2 45. Kf3 a4 46.
Ke3 axb3 47. Kxd3 c1=Q 48. Kd4 Rd2+ 49. Ke4 Qe1+ 50. Kf4 Rf2+ 51. Kg3 Qg1+ 52.
Kh3 Rh2# 0-1

[Event "DVM U14w 2012"]
[Site "Magdeburg GER"]
[Date "2012.12.30"]
[Round "7"]
[White "Held, Fabienne"]
[Black "Schütte, Lea"]
[Result "1-0"]
[Termination "normal"]
[Board "10.4"]
[WhiteElo "766"]
[BlackElo "798"]
[WhiteTeam "SK Neumarkt"]
[BlackTeam "Hamburger SK von 1830"]
[WhiteFideId "12964670"]
[EventCountry "GER"]
[EventRounds "7"]
[EventType "team-swiss"]
[EventDate "2012.12.26"]

1. e4 e5 2. Nf3 Nc6 3. Nc3 Nf6 4. Bc4 Bb4 5. d3 Bxc3+ 6. bxc3 O-O 7. Bg5 d6 8.
O-O Be6 9. Bb3 Na5 10. Qd2 h6 11. Be3 b6 12. Qe2 Rb8 13. d4 c5 14. Rab1 b5 15.
dxc5 Bc4 16. Bxc4 Nxc4 17. Rfd1 Nxe4 18. Qd3 dxc5 19. Qxe4 Qe7 20. Qg4 Nxe3 21.
fxe3 e4 22. Nh4 g5 23. Nf5 Qe6 24. Rd6 Qxa2 25. Rf1 Rbd8 26. Rxh6 f6 27. Qh5
Rf7 28. Qg6+ Kf8 29. Rh8# 1-0